[Event "EU-ch Amateur U2000"]
[Site "Niksic"]
[Date "2018.06.16"]
[Round "3"]
[White "Lindgren, Anna"]
[Black "Perovic, Rade"]
[Result "0-1"]
[WhiteElo "1488"]
[BlackElo "1883"]
[PlyCount "50"]
[EventDate "2018.06.14"]
[EventType "swiss"]
[EventRounds "9"]
[EventCountry "MNE"]
[SourceTitle "EXT 2019"]
[Source "ChessBase"]
[SourceDate "2018.10.10"]
[SourceVersion "1"]
[SourceVersionDate "2018.10.10"]
[SourceQuality "1"]

1. e4 b6 2. d4 Bb7 3. Nc3 e6 4. d5 Nf6 5. dxe6 fxe6 6. Bd3 Nc6 7. Be3 Ne5 8. Qe2 Bb4 9. Bd4 Nxd3+ 10. cxd3 c5 11. Be3 0-0 12. a3 Bxc3+ 13. bxc3 e5 14. Nf3 c4 15. Nxe5 cxd3 16. Qa2+ d5 17. f3 Qc7 18. Bd4 Kh8 19. exd5 Rae8 20. Kd2 Rxe5 21. Bxe5 Qxe5 22. Rae1 Qg5+ 23. Kxd3 Qg6+ 24. Kd4 Nxd5 25. Qe2 Rf4+ 0-1

[Event "MNT-chT"]
[Site "Niksic"]
[Date "2016.08.12"]
[Round "7.5"]
[White "Perovic, Rade"]
[Black "Tomic, Aleksandar"]
[Result "0-1"]
[WhiteElo "1915"]
[BlackElo "2288"]
[PlyCount "80"]
[EventDate "2016.08.06"]
[EventType "team-tourn"]
[EventRounds "9"]
[EventCountry "MNE"]
[SourceTitle "CBM 173 Extra"]
[Source "ChessBase"]
[SourceDate "2016.08.29"]
[SourceVersion "1"]
[SourceVersionDate "2016.08.29"]
[SourceQuality "1"]

1. d4 Nf6 2. c4 e6 3. Nc3 Bb4 4. Qc2 Nc6 5. Nf3 d6 6. Bg5 h6 7. Bh4 g5 8. Bg3 g4 9. Nd2 Nxd4 10. Qd3 e5 11. Bh4 Bxc3 12. Qxc3 Nf5 13. Bxf6 Qxf6 14. Ne4 Qe7 15. e3 Nh4 16. Ng3 f5 17. 0-0-0 Bd7 18. Qa5 Bc6 19. Rg1 b6 20. Qa6 0-0 21. Ne2 Kh7 22. Qa3 a5 23. Qd3 a4 24. Nc3 Ra5 25. Nd5 Qf7 26. Be2 Rc5 27. Kb1 b5 28. e4 bxc4 29. Qg3 Ng6 30. Nc3 Nf4 31. exf5 Qxf5+ 32. Ka1 Qc2 33. Rc1 Nxe2 34. Rxc2 Nxg3 35. hxg3 d5 36. Nd1 d4 37. Rc1 Bd5 38. Re1 Bxg2 39. b3 axb3 40. axb3 c3 0-1

[Event "Podgorica op"]
[Site "Podgorica"]
[Date "2010.12.12"]
[Round "3"]
[White "Kandic, Milojko"]
[Black "Perovic, Rade"]
[Result "1-0"]
[WhiteElo "2076"]
[BlackElo "1880"]
[PlyCount "44"]
[EventDate "2010.12.11"]
[EventType "swiss"]
[EventRounds "9"]
[EventCountry "MNE"]
[SourceTitle "CBM 139 Extra"]
[Source "ChessBase"]
[SourceDate "2011.01.05"]
[SourceVersion "1"]
[SourceVersionDate "2011.01.05"]
[SourceQuality "1"]

1. e4 e5 2. Nf3 Nc6 3. d4 exd4 4. Bc4 d6 5. Nxd4 Ne5 6. Be2 Nf6 7. Nc3 a6 8. f4 Ned7 9. Be3 Qe7 10. Qd2 Nc5 11. e5 dxe5 12. fxe5 Qxe5 13. Bf4 Qe7 14. 0-0-0 Nfe4 15. Nxe4 Nxe4 16. Qa5 Qf6 17. Bxc7 Be7 18. Bb5+ Kf8 19. Rhf1 Qg5+ 20. Bf4 Qc5 21. Be3 Kg8 22. Nf5 Qxb5 1-0

[Event "Podgorica op"]
[Site "Podgorica"]
[Date "2010.12.11"]
[Round "1"]
[White "Djukanovic, Sreten"]
[Black "Perovic, Rade"]
[Result "1/2-1/2"]
[WhiteElo "2307"]
[BlackElo "1880"]
[PlyCount "64"]
[EventDate "2010.12.11"]
[EventType "swiss"]
[EventRounds "9"]
[EventCountry "MNE"]
[SourceTitle "CBM 139 Extra"]
[Source "ChessBase"]
[SourceDate "2011.01.05"]
[SourceVersion "1"]
[SourceVersionDate "2011.01.05"]
[SourceQuality "1"]

1. d4 d5 2. c4 c6 3. Nc3 e5 4. dxe5 d4 5. Ne4 Qa5+ 6. Nd2 Qxe5 7. Ngf3 Qd6 8. Nb3 c5 9. g3 Nc6 10. Bg2 Nf6 11. Bf4 Qe6 12. 0-0 Be7 13. e3 dxe3 14. Bxe3 0-0 15. Nxc5 Qxc4 16. b3 Qb5 17. Rc1 Rd8 18. Qc2 Nd5 19. a4 Qa5 20. Ng5 g6 21. Qc4 Ne5 22. Qh4 h5 23. b4 Qxb4 24. Qxb4 Nxb4 25. Nxb7 Bxb7 26. Bxb7 Rab8 27. Bg2 Nd5 28. Bxd5 Rxd5 29. Ne4 Ra5 30. Rc7 Kf8 31. Kg2 Rxa4 32. Nc5 Bd6 1/2-1/2

[Event "MNT-chT"]
[Site "Cetinje"]
[Date "2010.09.11"]
[Round "5"]
[White "Pejovic, Milivoje"]
[Black "Perovic, Rade"]
[Result "1-0"]
[WhiteElo "1971"]
[BlackElo "1880"]
[PlyCount "67"]
[EventDate "2010.08.27"]
[EventType "team-tourn"]
[EventRounds "9"]
[EventCountry "MNE"]
[SourceTitle "CBM 138 Extra"]
[Source "ChessBase"]
[SourceDate "2010.10.29"]
[SourceVersion "1"]
[SourceVersionDate "2010.10.29"]
[SourceQuality "1"]

1. d4 d5 2. Nf3 Nf6 3. Bg5 e6 4. e3 Be7 5. Bd3 Nbd7 6. Nbd2 c5 7. c3 Qb6 8. b3 Qa5 9. Qc2 h6 10. Bh4 b5 11. dxc5 Nxc5 12. Be2 a6 13. b4 Qa4 14. Qc1 Nfd7 15. Bxe7 Kxe7 16. 0-0 a5 17. Bd1 Nd3 18. Qb1 Qa3 19. Qxd3 axb4 20. Bb3 Bb7 21. cxb4 Qxb4 22. Rac1 Rhc8 23. Qd4 Qd6 24. Rxc8 Rxc8 25. Qxg7 e5 26. Nh4 Qb4 27. Ndf3 Qe4 28. Qxh6 Rg8 29. Ng5 Qg4 30. f4 Nc5 31. Bd1 Qc8 32. fxe5 d4 33. Rxf7+ Ke8 34. Bh5 1-0